000 00478nam a2200169Ia 4500
008 260520s2025 xx 000 0 und d
020 _a978-81-959593-1-0
041 _amar
082 _a891.461/JOS
100 _aजोशी, वैभव
245 _aकाळ सरकत राहिला
250 _a4th ed
260 _aपुणे
_bरसिक आंतरभारती
_c2025
300 _a118p.
500 _aCat No: 14894
650 _aMARATHI POETRY
999 _c1221700
_d1221700